00933cam a2200265 a 450000100100000000500170001000800410002702000150006804000180008308200170010110000390011824500670015726000320022430000280025649000290028465000310031365000280034465000330037270000490040583000370045491000340049191000070052595201200053299900150065200000530920200929151635.0940314s1993 sp a b 001 p spa  a8437612020 aDO-SdBNPcDLC a869.1bV632l1 aVicente, Gil,d1465?- 1536.91508010aLírica /cGil Vicente ; edición de Armando López Castro. aMadrid :bCátedra,c1993. a253 p. :bil. ;c18 cm.1 aLetras hispánicasv370 4aPoesía portuguesa915081 4aPoesía lírica93066 4aLiteratura portuguesa9129521 aLópez Castro, Armando,d1949-,eed.915082 0aLetras hispánicas ;v37094208 aCatalogación por copia / LC aWM 001052708MOaGRbGRcHDd2009-08-18iLF1l0o869.1 V632lp5309-10r2020-06-25w2020-06-25y2ZPréstamo interno c5110d5110